00618nam a2200181 a 450000500170000000800410001702000150005805000230007310000290009624500900012525000120021526000430022730000340027052100080030465000480031265000480036070000280040820140310183309.0050909s19uu xx 00 eng d a0721639232 aRT 49 b.Ul47 2005 aUlrich, Susan Puderbaugh aNursing care planning guides:bfor adults in acute, extended, and home care settings. a6th ed. aMissouri :bElseviere Saunders,c2005. a897 p. :bcol. ill. ;c28 cm. aNUR aNursingxPlanningxHandbooks, manuals, etc. aPatient Care PlanningxNurses' instruction. aCanale, Suzanne Weyland